000 00715nam a2200241 a 4500
008
020 _a0070567603 (cased)
049 _aMAIN
090 _aTP885.A2
100 1 _aSheppard, David A.
245 1 0 _aPlant-cast precast and prestressed concrete /
_cDavid A. Sheppard, William R. Phillips.
260 _aNew York :
_bMcGraw-Hill,
_c1989.
300 _aviii, 791 p. :
_bill. ;
_c24 cm.
500 _aIncludes index.
650 0 _aPrecast concrete.
650 0 _aPrestressed concrete.
700 1 _aPhillips, William R.
907 _a.b10125838
_b22-06-04
_c10-06-04
003
005 20230123133735.0
040 _cNUST
942 _cBOOKS
_kTP885.A2
999 _c153821
_d153821